|
|
|
|
| LEADER |
00621nam a22001812a 4500 |
| 001 |
000243086 |
| 003 |
CZ BrMZK |
| 005 |
20061204110926.0 |
| 008 |
960815s1948 xr f cze d |
| 040 |
|
|
|a BOA001
|b cze
|
| 100 |
1 |
|
|a Svoboda, Bedřich,
|d 1910-1975
|7 jk01121930
|
| 245 |
1 |
0 |
|a Čechy a římské Imperium
|
| 260 |
|
|
|a Praha,
|c 1948
|
| 490 |
1 |
|
|a Sborník Národního musea v Praze ;
|v řada A, sv. 2
|
| 830 |
|
0 |
|a Sborník Národního musea v Praze
|
| 910 |
|
|
|a BOA001
|b 01610-0150.089,A
|
| 990 |
|
|
|a BK
|
| 996 |
6 |
|
|b 2619908912
|c 01610-0150.089,A
|d 1948 2
|v 2
|y 1948
|l MZK
|r Sklad / do 1 hodiny
|n 5
|w 000242921
|u 000010
|a 1
|e BOA001
|j MZK50
|s P
|